00289nam a2200133Ia 4500100002000000650001500020366000700035654001300042245002400055260004000079082001700119300000700136546001200143 aThomas/Cecilia  aPhilosophy f25 amaturity aJourney to Maturity bBetter Yourself BooksaBandrac1998 a170/THObTHO a92 aENGLISH